000 00921nam a2200265 a 4500
001 346
003 BR-CuiBMT
005 20231101182640.0
008 231101b2018 mgb 000 0 eng d
020 _a9788545005117
040 _aBR-CuiBMT
_cBR-CuiBMT
080 _22007
_a35.077
090 _a35.077
_bG934d
_c5. ed.
100 1 _aGuerra, Sérgio,
_d1964-
245 1 0 _aDiscricionariedade, regulação e reflexividade :
_buma nova teoria sobre as escolhas administrativas /
_cSérgio Guerra ; prefácio Tercio Sampaio Ferraz Junior.
250 _a5. ed., rev. e atual.
260 _aBelo Horizonte :
_bFórum,
_c2018.
300 _a480 p. ;
_c21 cm
504 _aInclui bibliografia.
590 _8A Biblioteca possui 1. reimpr. 2019.
650 _aAdministração pública
_xRegulação
_zBrasil
650 _aDiscricionariedade
_zBrasil
650 _aAtividade econômica
_xRegulação
_zBrasil
942 _2udc
_cLV
999 _c346
_d346